| 000 | 00000nam 2200000za 4500 |
| 001 | 9.694997 |
| 003 | CaOODSP |
| 005 | 20240415124723 |
| 007 | cr ||||||||||| |
| 008 | 150407|2011||||xxc|||||o f|0| 0 eng d |
| 020 | |a978-1-100-19350-2 |
| 040 | |aCaOODSP|beng |
| 043 | |an-cn--- |
| 086 | 1 |aHS18-25/2011E-PDF |
| 110 | 1 |aCanada. |bHuman Resources and Skills Development Canada. |
| 245 | 10|aCase study - integrating essential skills for success - FundyPros Specialty Construction / |h[electronic resource]|c[by] Office of Literacy and Essential Skills. |
| 260 | |aGatineau - Quebec : |bHuman Resources and Skills Development Canada |cc2011. |
| 300 | |a5p. |
| 500 | |aPlease be advised that alternate formats are not provided for this publication. This resource is no longer active -- Service Canada, April 15, 2024. |
| 590 | |a13-18-Supp|b2013-08-01 |
| 775 | 08|tÉtude de cas - l'intégration des compétences essentielles pour la réussite - FundyPros Construction spécialisée / |w(CaOODSP)9.639158 |
| 856 | 40|ahttp://publications.gc.ca|qPDF|s3.64 MB|uhttps://publications.gc.ca/collections/collection_2013/rhdcc-hrsdc/HS18-25-2011-eng.pdf |
| 986 | |aWP-180-03-12E |